Let us learn meditation / (Record no. 52951)
[ view plain ]
| 000 -LEADER | |
|---|---|
| fixed length control field | 00682nam a22002297a 4500 |
| 005 - DATE AND TIME OF LATEST TRANSACTION | |
| control field | 20221215105058.0 |
| 008 - FIXED-LENGTH DATA ELEMENTS--GENERAL INFORMATION | |
| fixed length control field | 110616t xxu||||| |||| 00| 0 eng d |
| 010 ## - LCCN (DPL NO) | |
| LC control number | ENG-102619 ENG-135867 |
| 020 ## - INTERNATIONAL STANDARD BOOK NUMBER | |
| Terms of availability | 200.00 |
| International Standard Book Number | 8188322555 |
| 035 ## - SYSTEM CONTROL NUMBER | |
| System control number | EN-86152 ,B-166089 |
| 035 ## - SYSTEM CONTROL NUMBER | |
| System control number | EN-119399 |
| 037 ## - SOURCE OF ACQUISITION | |
| Source of stock number/acquisition | DBAD / PUB |
| 040 ## - CATALOGING SOURCE | |
| Original cataloging agency | dpl |
| Language of cataloging | English |
| 082 ## - DEWEY DECIMAL CLASSIFICATION NUMBER | |
| Classification number | 230.42 |
| 100 ## - MAIN ENTRY--PERSONAL NAME | |
| 9 (RLIN) | 28493 |
| Personal name | Narayan, Arvind |
| 245 ## - TITLE STATEMENT | |
| Title | Let us learn meditation / |
| Statement of responsibility, etc | by Arvind Narayan |
| 260 ## - PUBLICATION, DISTRIBUTION, ETC. (IMPRINT) | |
| Place of publication, distribution, etc | New Delhi |
| Name of publisher, distributor, etc | Ocean Books |
| Date of publication, distribution, etc | 2011 |
| 270 ## - ADDRESS | |
| Address | 4/19, Asaf Ali Road |
| City | New Delhi |
| Postal code | 110002 |
| 300 ## - PHYSICAL DESCRIPTION | |
| Extent | 183p. |
| Dimensions | 22cm (Hb) |
| 942 ## - ADDED ENTRY ELEMENTS (KOHA) | |
| Source of classification or shelving scheme | Dewey Decimal Classification |
| Item type | English Books |
| Call number suffix | NAR |
| Classification part | 230.42 |
| Withdrawn status | Lost status | Source of classification or shelving scheme | Damaged status | Not for loan | Collection code | Home library | Current library | Date acquired | Source of acquisition | Cost, normal purchase price | Total Checkouts | Full call number | Barcode | Date last seen | Copy number | Cost, replacement price | Koha item type |
|---|---|---|---|---|---|---|---|---|---|---|---|---|---|---|---|---|---|
| Dewey Decimal Classification | Not For Loan | Non-fiction | D.B.Act.Division | D.B.Act.Division | 16/06/2011 | DBAD/PUB | 200.00 | 230.42 NAR | EN-86152 | 16/06/2011 | 1 | 200.00 | English Books | ||||
| Dewey Decimal Classification | Non-fiction | R.K.Puram-8 | R.K.Puram-8 | 15/12/2022 | DBAD/PUB | 200.00 | 230.42 NAR | EN-119399 | 15/12/2022 | 1 | 200.00 | English Books | |||||
| Dewey Decimal Classification | Non-fiction | Tri Nagar | Tri Nagar | 27/07/2018 | BPPD/pub | 200.00 | 230.42 NAR | B-166089 | 27/07/2018 | 200.00 | English Books |
